Mecánica de fluidos para ingeniería ambiental /

Bibliographic Details
Main Authors: Herrán de la Cruz, Carlos A. (Author), Laín Beatove, Santiago (Author)
Format: Electronic eBook
Language:Spanish
Published: [Cali, Valle del Cauca, Colombia] : Universidad Autónoma de Occidente, [2023]
Subjects:
Online Access:Digitalia Hispánica

MARC

LEADER 00000nam a2200000Ii 4500
001 DIGUAOCCTE0104
003 NyNyDIG
006 m o d
007 cr |||||||||||
008 240915s2023 ck a ob 000 0 spa d
035 |a (OCoLC)1456948451 
040 |a DGITA  |b eng  |e rda  |e pn  |c DGITA 
020 |a 9789586191258  |q eBook 
050 1 4 |a TA357 ebook 
100 1 |a Herrán de la Cruz, Carlos A.,  |e author. 
245 1 0 |a Mecánica de fluidos para ingeniería ambiental /  |c autores, Santiago Laín Beatove, Carlos A. Herrán de la Cruz. 
264 1 |a [Cali, Valle del Cauca, Colombia] :  |b Universidad Autónoma de Occidente,  |c [2023] 
300 |a 1 online resource :  |b illustrations. 
336 |a text  |b txt  |2 rdacontent 
337 |a computer  |b c  |2 rdamedia 
338 |a online resource  |b cr  |2 rdacarrier 
347 |a text file  |2 rdaft 
347 |b EPUB 
504 |a Includes bibliographical references. 
588 0 |a Online resource; title from ePub title page (Digitalia, viewed September 15, 2024) 
650 0 |a Fluid mechanics. 
650 0 |a Environmental engineering. 
700 1 |a Laín Beatove, Santiago,  |e author. 
791 2 |a Digitalia (Firm),  |e distributor. 
793 0 |g Digitalia eBook Collection:  |a Universidad Autónoma de Occidente 
856 4 0 |3 Digitalia Hispánica  |u https://www.digitaliapublishing.com/a/157204/ 
910 |a Premium collection: 2024